000 00296nam a22001337a 4500
008 170412b xxu||||| |||| 00| 0 eng d
020 _a9780838514474
041 _aeng
080 _28 ED
_a618
100 _a10
101 _aSHM
245 _aOBSTETRICS GYNECOLOGY
_cALLAN.H
942 _2udc
_cBK
999 _c10522
_d10522